00394nam a2200133Ia 4500008004100000020001800041041000800059082001900067100002200086245010000108250000600208260003300214300001300247210716s2012 xx 000 0 und d a9788126531714 aeng a332.63204 VERP aVeronesi, Pietro. aFixed income security: valuation risk and risk management.bValuation risk and risk management. a1 aNew DelhibWiley Indiac2012 axxxi,805